• 首页
  • 本馆介绍
  • 公告通知
  • 最新文献
  • 馆藏检索
  • 电子资源
  • 读者导购
  • 参考咨询
  • 我的图书馆
  • 登录
  • 详细信息显示
  • 放入我的书架
  • 预约/预借图书
  • 作者相关作品
  • 分类相关作品
  • 丛书相关作品
  • 出版社相关作品

书目信息

  • 表格格式
  • 工作单格式
  • 卡片格式
题名:
3ds Max 2013/VRay效果图制作实战从入门到精通
    
 
作者: ;新视角文化行 编著
分册:  
出版信息: 北京   人民邮电出版社  2017.07
页数: 512页
开本: 26cm
丛书名:
单 册:
中图分类: TU238.2-39
科图分类:
主题词: 室内装饰设计--计算机辅助设计--三维动画软件
电子资源:
ISBN: 978-7-115-45589-5
000 01244nam0 2200241 450
001 3584
005 20181009100410.73
010    @a978-7-115-45589-5@dCNY69.80
100    @a20170802d2017 em y0chiy50 ea
101 0  @achi
102    @aCN@b110000
105    @aa z 000yy
200 1  @a3ds Max 2013/VRay效果图制作实战从入门到精通@93ds Max 2013/VRay xiao guo tu zhi zuo shi zhan cong ru men dao jing tong@f新视角文化行编著
205    @a2版
210    @a北京@c人民邮电出版社@d2017.07
215    @a512页@d26cm
300    @a新编实战型全功能实用教程
330    @a本书共分为23章,包括3ds Max 2013的基本操作,标准基本体的应用,扩展及特殊基本体的应用,二维图形的应用,二维图形转三维对象的应用,三维变形修改器的应用,高级建模的应用,3ds Max材质及贴图的应用,3ds Max默认的灯光,环境与效果,摄影机的应用,VRay基础,VRay真实材质的表现,VRay真实灯光的表现,室内装饰物的制作,室内各种灯具的制作,室内家具模型的制作,室外建筑环境的制作,室内效果图的综合制作,室外效果图的综合制作,室内效果图的后期处理,室外效果图的后期处理,以及效果图漫游动画的设置等内容。
606 0  @a室内装饰设计@x计算机辅助设计@x三维动画软件
690    @aTU238.2-39@v5
711 02 @a新视角文化行@9xin shi jiao wen hua xing@4编著
801  0 @aCN@b91MARC@c20170802
905    @aMuseLib@dTU238.2-39@e1449=2
    
    3ds Max 2013/VRay效果图制作实战从入门到精通/新视角文化行编著.-2版.-北京:人民邮电出版社,2017.07
    512页;26cm
    新编实战型全功能实用教程
    
    ISBN 978-7-115-45589-5:CNY69.80
    本书共分为23章,包括3ds Max 2013的基本操作,标准基本体的应用,扩展及特殊基本体的应用,二维图形的应用,二维图形转三维对象的应用,三维变形修改器的应用,高级建模的应用,3ds Max材质及贴图的应用,3ds Max默认的灯光,环境与效果,摄影机的应用,VRay基础,VRay真实材质的表现,VRay真实灯光的表现,室内装饰物的制作,室内各种灯具的制作,室内家具模型的制作,室外建筑环境的制作,室内效果图的综合制作,室外效果图的综合制作,室内效果图的后期处理,室外效果图的后期处理,以及效果图漫游动画的设置等内容。
●
相关链接 在E读中查询图书 在五车中查询图书 在当当中查询图书 在豆瓣中查询图书


正题名:3ds Max 2013/VRay效果图制作实战从入门到精通     索取号:TU238.2-39/1449=2         预约/预借

序号 登录号 条形码 馆藏地/架位号 状态 备注
1 1122722   211227224   第二样本阅览室/ [索取号:TU238.2-39/1449=2] 在馆    
2 1122723   211227233   第三借阅区/ [索取号:TU238.2-39/1449=2] 在馆    
3 1122724   211227242   第三借阅区/ [索取号:TU238.2-39/1449=2] 在馆    
4 1122725   211227251   第三借阅区/ [索取号:TU238.2-39/1449=2] 在馆    
5 1122726   211227260   第三借阅区/ [索取号:TU238.2-39/1449=2] 在馆    
唐山师范学院图书馆 欢迎您!
大连网信软件有限公司© 版权所有